Biblioteca y Centro de Documentación

La retribución variable debe incluirse en el salario del período de vacaciones (Registro nro. 46150)

Detalles MARC
000 -CABECERA
Longitud fija campo de control 01158naa a2200253 c 4500
001 - NÚMERO DE CONTROL
Número de control 46150
003 - IDENTIFICADOR DE NÚMERO DE CONTROL
Identificador del número de control ES-MaCES
005 - FECHA Y HORA DE LA ÚLTIMA TRANSACCIÓN
Fecha y hora de la última transacción 20150722100708.0
008 - CAMPO FIJO DE DESCRIPCIÓN FIJA--INFORMACIÓN GENERAL
Códigos de información de longitud fija   150722s2015 sp ||||| t||||||| ||spa d
040 ## - FUENTE DE CATALOGACIÓN
Centro catalogador de origen ES-MaCES
Lengua de catalogación spa
Centro transcriptor ES-MaCES
Centro modificado ES-MaCES
100 1# - ENCABEZAMIENTO PRINCIPAL--NOMBRE PERSONAL
9 (RLIN) 13032
Nombre de persona García-Perrote Escartín, Ignacio
245 13 - MENCIÓN DE TÍTULO
Título La retribución variable debe incluirse en el salario del período de vacaciones
Resto del título : la doctrina del Tribunal de Justicia de la Unión europea y su recepción por la Audiencia Nacional
Mención de responsabilidad, etc. Ignacio García-Perrote Escarín, Jesús R. Mercader Uguina
650 #4 - ASIENTO SECUNDARIO DE MATERIA--TÉRMINO DE MATERIA
9 (RLIN) 29478
Término de materia o nombre geográfico como elemento inicial vacaciones pagadas
650 #4 - ASIENTO SECUNDARIO DE MATERIA--TÉRMINO DE MATERIA
9 (RLIN) 28388
Término de materia o nombre geográfico como elemento inicial determinación del salario
650 #4 - ASIENTO SECUNDARIO DE MATERIA--TÉRMINO DE MATERIA
9 (RLIN) 28390
Término de materia o nombre geográfico como elemento inicial sistema de remuneración
650 #4 - ASIENTO SECUNDARIO DE MATERIA--TÉRMINO DE MATERIA
9 (RLIN) 27165
Término de materia o nombre geográfico como elemento inicial derecho del trabajo
650 #4 - ASIENTO SECUNDARIO DE MATERIA--TÉRMINO DE MATERIA
9 (RLIN) 29866
Término de materia o nombre geográfico como elemento inicial derecho comunitario
650 #4 - ASIENTO SECUNDARIO DE MATERIA--TÉRMINO DE MATERIA
9 (RLIN) 28624
Término de materia o nombre geográfico como elemento inicial jurisprudencia
653 10 - TÉRMINO DE INDEXACIÓN--NO CONTROLADO
Término no controlado Relaciones laborales-Empleo
700 1# - ENCABEZAMIENTO SECUNDARIO--NOMBRE PERSONAL
9 (RLIN) 18447
Nombre de persona Mercader Uguina, Jesús R.
773 0# - ENTRADA DE DOCUMENTO FUENTE
Itemnumber del ítem fuente 83078
Lugar, editor y fecha de publicación Valladolid (Avda. Reyes Católicos, 11, 47008) Lex nova
Otro identificador del documento 085980
Título Información laboral
Número de control del registro relacionado (ES-MaCES)25782
Parte(s) relacionada(s) n. 3 (2015) {55/796 R. 085980} ;p. 3-7
902 ## - CES. TIPO DE DOCUMENTO
Tipodoc (006$c Sirtex) ART Artículo de revista
942 ## - ELEMENTOS KOHA
Fuente de clasificaión o esquema Clasificación propia del CES
Koha [por defecto] tipo de item Artículos (1982-2017)
Parte de clasificación Relaciones Laborales y Rel. Lab.- Empleo

No hay ítems disponibles.

© CES, Consejo Económico y Social de España 2021